00590 2200193 4500001002100000005001500021035002000036007000300056008004100059020002200100082000800122084001400130100003300144245010400177260003700281300004200318650001000360600002600370INLIS00000000000114820250130085521 a0010-0125000031ta250130 g 0 ind  a978-602-322-070-0 a635 a635 RET a0 aRetno Sri Hartati Mulyandari1 aAdaptasi dan Mitigasi DAMPAK PERUBAHAN IKLIM SUBSEKTOR HORTIKULTURA /cRetno Sri Hartati Mulyandari aJakarta :bPertanianPress,c2022 avii, 85 hlm, :bIlus ;c15 cm x 21 cm 4aIklim 4aAdaptasi dan Mitigasi